TRIO - výstava tří výtvarníků

Bibliographic Details
Main Author: Balušíková, Eva (Author)
Format: Article
Language:Czech
PhysicalDescription:Fotografie
Subjects:
Online Access:http://www.cske.sk/images/stories/2017/SV-2017/SV-2017-01-web.pdf

MARC

LEADER 00000nab a2200000 4500
001 vtls011745873
003 SK-MaSNL
005 20260305013901.0
008 180312|2017 xo m| | |00 0|cze
038 |a KEVKJB 
040 |a KEVKJB  |b slo  |c KEVKJB  |e AACR2 
041 0 |a cze 
044 |a xo  |c SK 
080 |a 316.7:061(=162.3)  |2 2011 
080 |a 027.53  |2 2011 
100 1 |a Balušíková, Eva  |4 aut  |9 1020881 
245 1 0 |a TRIO - výstava tří výtvarníků  |c Eva Balušíková 
300 |b Fotografie 
336 |a text  |b txt  |2 rdacontent 
337 |a bez média  |b n  |2 rdamedia 
338 |a zväzok  |b nc  |2 rdacarrier 
610 2 7 |a Český spolok na Slovensku (Košice, Slovensko)  |2 kevkjb  |9 29737 
610 2 7 |a Verejná knižnica Jána Bocatia v Košiciach  |2 kevkjb  |9 29554 
648 7 |a 2017  |2 kevkjb  |9 347966 
650 0 7 |a výstavy  |2 kevkjb  |9 2780 
651 7 |a Košice (Slovensko)  |2 kevkjb  |9 18694 
773 0 |t Stříbrný vítr  |g Roč. 9., č. 1 (2017), s. 14-15 
852 |a KEVKJB  |b KIS3GCP 
856 4 1 |u http://www.cske.sk/images/stories/2017/SV-2017/SV-2017-01-web.pdf 
958 |a CZ 
999 |c 3266438  |d 3268368